00265nam a2200097Ia 4500001000800000005001700008008004100025020001800066245006300084260002000147126659320260417145117.0260417s9999 xx 000 0 und d a9789752124097 0aYorgancı,Hayal Ağacı ve KalaycıcKoray Avcı Çakman bAltın Kitaplar